<?xml version="1.0" encoding="UTF-8"?>
<record
    xmlns:xsi="http://www.w3.org/2001/XMLSchema-instance"
    xsi:schemaLocation="http://www.loc.gov/MARC21/slim http://www.loc.gov/standards/marcxml/schema/MARC21slim.xsd"
    xmlns="http://www.loc.gov/MARC21/slim">

  <leader>00500    a2200169   4500</leader>
  <controlfield tag="005">20250617171828.0</controlfield>
  <datafield tag="020" ind1=" " ind2=" ">
    <subfield code="a">978-1-2854-4836-7</subfield>
  </datafield>
  <datafield tag="082" ind1=" " ind2=" ">
    <subfield code="a">005.8 WHI</subfield>
  </datafield>
  <datafield tag="100" ind1=" " ind2=" ">
    <subfield code="a">WHITMAN, M E.</subfield>
  </datafield>
  <datafield tag="245" ind1=" " ind2=" ">
    <subfield code="a">Principles of information Security.</subfield>
  </datafield>
  <datafield tag="250" ind1=" " ind2=" ">
    <subfield code="a">5th Ed.</subfield>
  </datafield>
  <datafield tag="260" ind1=" " ind2=" ">
    <subfield code="a">Australia,</subfield>
    <subfield code="b">Cengage Learning, </subfield>
    <subfield code="c">2016.</subfield>
  </datafield>
  <datafield tag="300" ind1=" " ind2=" ">
    <subfield code="a">xxviii, 692p.: ill.; figure,table</subfield>
    <subfield code="b">Glossary &amp; Index</subfield>
    <subfield code="c">23cm</subfield>
  </datafield>
  <datafield tag="700" ind1=" " ind2=" ">
    <subfield code="a">MATTORD, H. J.</subfield>
  </datafield>
  <datafield tag="856" ind1=" " ind2=" ">
    <subfield code="y">Access online book</subfield>
    <subfield code="f">Computer</subfield>
    <subfield code="d">www.cengage.com/global.</subfield>
  </datafield>
  <datafield tag="942" ind1=" " ind2=" ">
    <subfield code="2">ddc</subfield>
    <subfield code="c">BKS</subfield>
  </datafield>
  <datafield tag="999" ind1=" " ind2=" ">
    <subfield code="c">175</subfield>
    <subfield code="d">175</subfield>
  </datafield>
  <datafield tag="952" ind1=" " ind2=" ">
    <subfield code="r">2025-03-07 09:21:53</subfield>
    <subfield code="l">0</subfield>
    <subfield code="o">005.8 WHI</subfield>
    <subfield code="p">000000413</subfield>
    <subfield code="v">60000.00</subfield>
    <subfield code="w">2025-03-07</subfield>
    <subfield code="y">BKS</subfield>
    <subfield code="1">0</subfield>
    <subfield code="2">ddc</subfield>
    <subfield code="4">0</subfield>
    <subfield code="7">0</subfield>
    <subfield code="0">0</subfield>
    <subfield code="a">CBEML</subfield>
    <subfield code="b">CBEML</subfield>
    <subfield code="c">SPECIAL</subfield>
    <subfield code="d">2025-03-07</subfield>
    <subfield code="g">20000.00</subfield>
  </datafield>
  <datafield tag="952" ind1=" " ind2=" ">
    <subfield code="r">2025-03-07 09:21:53</subfield>
    <subfield code="l">0</subfield>
    <subfield code="o">005.8 WHI</subfield>
    <subfield code="p">000000414</subfield>
    <subfield code="v">60000.00</subfield>
    <subfield code="w">2025-03-07</subfield>
    <subfield code="y">BKS</subfield>
    <subfield code="1">0</subfield>
    <subfield code="2">ddc</subfield>
    <subfield code="4">0</subfield>
    <subfield code="7">0</subfield>
    <subfield code="0">0</subfield>
    <subfield code="a">CBEML</subfield>
    <subfield code="b">CBEML</subfield>
    <subfield code="c">GEN</subfield>
    <subfield code="d">2025-03-07</subfield>
    <subfield code="g">20000.00</subfield>
  </datafield>
  <datafield tag="952" ind1=" " ind2=" ">
    <subfield code="r">2025-03-07 09:21:53</subfield>
    <subfield code="l">0</subfield>
    <subfield code="o">005.8 WHI</subfield>
    <subfield code="p">000000415</subfield>
    <subfield code="v">60000.00</subfield>
    <subfield code="w">2025-03-07</subfield>
    <subfield code="y">BKS</subfield>
    <subfield code="1">0</subfield>
    <subfield code="2">ddc</subfield>
    <subfield code="4">0</subfield>
    <subfield code="7">0</subfield>
    <subfield code="0">0</subfield>
    <subfield code="a">CBEML</subfield>
    <subfield code="b">CBEML</subfield>
    <subfield code="c">GEN</subfield>
    <subfield code="d">2025-03-07</subfield>
    <subfield code="g">20000.00</subfield>
  </datafield>
  <datafield tag="952" ind1=" " ind2=" ">
    <subfield code="r">2025-03-07 09:21:53</subfield>
    <subfield code="l">0</subfield>
    <subfield code="o">005.8 WHI</subfield>
    <subfield code="p">000000416</subfield>
    <subfield code="v">60000.00</subfield>
    <subfield code="w">2025-03-07</subfield>
    <subfield code="y">BKS</subfield>
    <subfield code="1">0</subfield>
    <subfield code="2">ddc</subfield>
    <subfield code="4">0</subfield>
    <subfield code="7">0</subfield>
    <subfield code="0">0</subfield>
    <subfield code="a">CBEML</subfield>
    <subfield code="b">CBEML</subfield>
    <subfield code="c">GEN</subfield>
    <subfield code="d">2025-03-07</subfield>
    <subfield code="g">20000.00</subfield>
  </datafield>
  <datafield tag="952" ind1=" " ind2=" ">
    <subfield code="r">2025-03-07 09:21:53</subfield>
    <subfield code="l">0</subfield>
    <subfield code="o">005.8 WHI</subfield>
    <subfield code="p">000000417</subfield>
    <subfield code="v">60000.00</subfield>
    <subfield code="w">2025-03-07</subfield>
    <subfield code="y">BKS</subfield>
    <subfield code="1">0</subfield>
    <subfield code="2">ddc</subfield>
    <subfield code="4">0</subfield>
    <subfield code="7">0</subfield>
    <subfield code="0">0</subfield>
    <subfield code="a">CBEML</subfield>
    <subfield code="b">CBEML</subfield>
    <subfield code="c">GEN</subfield>
    <subfield code="d">2025-03-07</subfield>
    <subfield code="g">20000.00</subfield>
  </datafield>
</record>
